[Event "Tournoi Skype 031B"]
[Site "Skype"]
[Date "????.??.??"]
[Round "3.33"]
[White "Rodriguez, Nathalie"]
[Black "Franco Flores, Ximena"]
[Result "0-1"]
[WhiteElo "1224"]
[BlackElo "1074"]
[PlyCount "70"]

1. d4 Nf6 2. Bf4 d6 3. e3 g6 4. Nc3 Bg7 5. Nf3 Nbd7 6. h3 O-O 7. Be2 Re8 8. O-O
e5 9. Bg5 exd4 10. Nxd4 a6 11. Bf4 Ne5 12. Bg3 b5 13. f4 Nh5 14. Bf2 Nc4 15.
Rb1 Nxe3 16. Bxe3 Rxe3 17. Qd2 Re8 18. Bf3 Bxd4+ 19. Qxd4 c5 20. Qd2 Ra7 21. a3
b4 22. axb4 cxb4 23. Nd5 Bb7 24. Qd4 Qb8 25. Bxh5 Bxd5 26. Bg4 Qb7 27. f5 Bxg2
28. Rf2 Be4 29. fxg6 Bxg6 30. Bf3 Qe7 31. Rff1 Qg5+ 32. Bg4 Rae7 33. Rbd1 f5
34. Rf4 fxg4 35. Rxg4 Qf5 0-1

[Event "Tournoi Skype 031B"]
[Site "Skype"]
[Date "????.??.??"]
[Round "3.34"]
[White "Gomez Caballero, Blas"]
[Black "Abate, Luigi"]
[Result "0-1"]
[WhiteElo "1215"]
[BlackElo "1066"]
[PlyCount "108"]

1. e4 e5 2. Bc4 Nf6 3. Nc3 Bc5 4. h3 c6 5. Nf3 d6 6. d3 O-O 7. Qe2 h6 8. Be3
Bb6 9. O-O-O Re8 10. Kb1 d5 11. Bxb6 axb6 12. exd5 cxd5 13. Bb3 d4 14. Ne4 Nxe4
15. Qxe4 Nc6 16. Rhe1 Be6 17. Bxe6 Rxe6 18. Qg4 b5 19. Nh4 Qg5 20. Qxg5 hxg5
21. Nf3 f6 22. Re4 Kf7 23. h4 f5 24. Re2 g4 25. Ng5+ Kf6 26. Nxe6 Kxe6 27. Rh1
f4 28. f3 g3 29. h5 Kf6 30. h6 Rh8 31. h7 Ne7 32. Ree1 Nf5 33. c3 Nh6 34. cxd4
exd4 35. Rc1 Rxh7 36. Rc7 Kg6 37. Rxb7 Rh8 38. Rxb5 Re8 39. Rb4 Nf5 40. Kc1 Re2
41. Rg1 Ne3 42. Rxd4 Rxg2 43. Rxg2 Nxg2 44. Rd6+ Kg5 45. Re6 Ne3 46. Kd2 g2 47.
b4 g1=Q 48. b5 Qd1+ 49. Kc3 Qa1+ 50. Kb3 Qb1+ 51. Ka4 Qxa2+ 52. Kb4 Qxe6 53.
Ka5 Nd5 54. d4 Qb6+ 0-1

[Event "Tournoi Skype 031B"]
[Site "Skype"]
[Date "????.??.??"]
[Round "3.35"]
[White "Huerta Lopez, Cesar Rogelio"]
[Black "Hernandez Lopez, Joaquin"]
[Result "0-1"]
[WhiteElo "1207"]
[BlackElo "1066"]
[PlyCount "72"]

1. c4 e5 2. Nc3 f5 3. d3 Nf6 4. Nf3 g6 5. e3 d6 6. g3 Bg7 7. Bg2 c6 8. O-O O-O
9. Re1 Be6 10. b3 Kh8 11. Ng5 Bd7 12. Ba3 Ne8 13. Qe2 Qxg5 14. Rad1 e4 15. dxe4
Bxc3 16. f4 Qe7 17. Rf1 fxe4 18. Qc2 Bg7 19. Bxe4 Bf5 20. Bxf5 Rxf5 21. Rfe1
Rf8 22. e4 c5 23. Bb2 Nc6 24. Bxg7+ Qxg7 25. Qg2 Rd8 26. Qh3 Nd4 27. Rf1 Nf6
28. e5 dxe5 29. Qg2 exf4 30. Rxf4 Rde8 31. Rd2 Ng4 32. Rxf8+ Rxf8 33. Rd3 Qe7
34. Kh1 Qe1+ 35. Qg1 Rf1 36. Qxf1 Qxf1# 0-1

[Event "Tournoi Skype 031B"]
[Site "Skype"]
[Date "????.??.??"]
[Round "3.36"]
[White "Milanese, Serge"]
[Black "Tolaro, Filippa"]
[Result "0-1"]
[WhiteElo "1202"]
[BlackElo "1048"]
[PlyCount "64"]

1. Nf3 d5 2. d4 Bf5 3. Bf4 e6 4. e3 c5 5. c3 Nf6 6. Bd3 Bxd3 7. Qxd3 c4 8. Qd1
Be7 9. Nbd2 O-O 10. O-O h6 11. Ne5 Nbd7 12. Ndf3 Nh5 13. Nxd7 Qxd7 14. Ne5 Qd8
15. Qxh5 Qb6 16. Nd7 Qxb2 17. Nxf8 Rxf8 18. Rab1 Qa3 19. Rxb7 Bf6 20. Rb8 Rxb8
21. Bxb8 Qxa2 22. Bd6 a5 23. f4 Qb2 24. Qf3 a4 25. Qd1 a3 26. Qa4 Qxc3 27. Bxa3
Qxe3+ 28. Kh1 c3 29. Qe8+ Kh7 30. Qb8 Qd3 31. Kg1 Bxd4+ 32. Kh1 Qxf1# 0-1

[Event "Tournoi Skype 031B"]
[Site "Skype"]
[Date "????.??.??"]
[Round "3.37"]
[White "Nontsikelelo, Yvonne"]
[Black "Ruiz Gomez, Luz Alba"]
[Result "1/2-1/2"]
[WhiteElo "1044"]
[BlackElo "1201"]
[PlyCount "68"]

1. e4 e5 2. Nf3 Nc6 3. c3 Bc5 4. Bb5 d6 5. d4 exd4 6. Bxc6+ bxc6 7. cxd4 Bb6 8.
O-O Nf6 9. Nc3 O-O 10. e5 Nd5 11. Nxd5 cxd5 12. Bg5 Qd7 13. b4 Re8 14. a4 a6
15. a5 Ba7 16. Re1 h6 17. Bf4 Bb7 18. exd6 cxd6 19. Rxe8+ Rxe8 20. h3 Bb8 21.
Nh2 Qf5 22. Qg4 Qxg4 23. Nxg4 h5 24. Nh2 Re4 25. Be3 Ba7 26. Nf3 Bc6 27. Rc1
Bb5 28. Rc7 Bb8 29. Rc8+ Re8 30. Rxe8+ Bxe8 31. g4 Bd7 32. Nh2 Bc7 33. Kg2 hxg4
34. Nxg4 Bxg4 1/2-1/2

[Event "Tournoi Skype 031B"]
[Site "Skype"]
[Date "????.??.??"]
[Round "3.38"]
[White "Achicanoy, Yolanda"]
[Black "Sosa, Juan Carlos"]
[Result "0-1"]
[WhiteElo "1000"]
[BlackElo "1199"]
[PlyCount "114"]

1. e4 e5 2. Bc4 Nc6 3. Nf3 Be7 4. d3 Nf6 5. Nbd2 d6 6. O-O Na5 7. Bb5+ c6 8.
Ba4 b5 9. c3 bxa4 10. Qxa4 Rb8 11. b4 Nb7 12. Qxa7 Qc7 13. d4 O-O 14. dxe5 dxe5
15. Bb2 Bd7 16. c4 Ra8 17. Qe3 Bd6 18. c5 Nxc5 19. bxc5 Be7 20. Bxe5 Qa7 21.
Bd4 Rfd8 22. e5 Nd5 23. Qe4 Bxc5 24. e6 Bxe6 25. Ne5 Bxd4 26. Rab1 Bxe5 27.
Qxe5 Nf6 28. Rfd1 Rxd2 29. Rxd2 Re8 30. Qd6 Ne4 31. Qxc6 Qa8 32. Qc2 Nxd2 33.
Qxd2 g6 34. h3 Bxa2 35. Rb2 Bd5 36. Kh2 Bxg2 37. h4 Bf3 38. Ra2 Qb8+ 39. Kg1
Re2 40. Qxe2 Bxe2 41. Rxe2 Qb1+ 42. Kg2 h5 43. Re8+ Kg7 44. Kg3 Qb5 45. Re3 Qf5
46. f4 f6 47. Re7+ Kf8 48. Re3 Qg4+ 49. Kf2 Qxf4+ 50. Ke2 Qxh4 51. Kd3 Qg4 52.
Kd2 h4 53. Re2 h3 54. Ke1 Qg3+ 55. Kd2 h2 56. Re1 Qxe1+ 57. Kxe1 h1=Q+ 0-1

[Event "Tournoi Skype 031B"]
[Site "Skype"]
[Date "????.??.??"]
[Round "3.39"]
[White "Radice, Marco"]
[Black "Adamson, Chris"]
[Result "1-0"]
[WhiteElo "1198"]
[BlackElo "1034"]
[PlyCount "99"]

1. d4 Nf6 2. Bf4 e6 3. Nf3 d5 4. h3 Be7 5. e3 c5 6. Bb5+ Bd7 7. Nc3 a6 8. Bxd7+
Nbxd7 9. O-O O-O 10. Na4 Nh5 11. Bh2 Qa5 12. Nc3 Nhf6 13. Rb1 Rac8 14. a3 Qb6
15. Na4 Qc6 16. c3 Nb6 17. Nxc5 Bxc5 18. dxc5 Qxc5 19. Nd4 Ne4 20. Re1 Nc4 21.
Nb3 Qc6 22. f3 Nxe3 23. Rxe3 Qb6 24. Nd4 Nc5 25. Re2 Rfd8 26. b3 Rd7 27. b4 Qa7
28. bxc5 Qxc5 29. Qd2 Qxa3 30. Rb3 Qa1+ 31. Re1 Qa5 32. Be5 Rc4 33. Rb4 Rc5 34.
Kh1 Qd8 35. Ne2 f6 36. Bg3 Qf8 37. Nf4 e5 38. Ne6 Qf7 39. Nxc5 Rc7 40. Nxa6
bxa6 41. Rb8+ Qf8 42. Rxf8+ Kxf8 43. Qxd5 Re7 44. Qa8+ Re8 45. Qxa6 Kf7 46. Rb1
Kf8 47. Rb7 Re7 48. Rxe7 Kxe7 49. c4 Kf7 50. c5 1-0

[Event "Tournoi Skype 031B"]
[Site "Skype"]
[Date "????.??.??"]
[Round "3.40"]
[White "Conde, Ramon"]
[Black "Gerbaux, Regis"]
[Result "1-0"]
[WhiteElo "1186"]
[BlackElo "1024"]
[PlyCount "27"]

1. d4 d5 2. Nf3 Nd7 3. e3 a6 4. Bd3 Ngf6 5. Nbd2 e6 6. O-O c5 7. c3 c4 8. Bc2
b5 9. Ne5 Nxe5 10. dxe5 Ng4 11. Qxg4 f6 12. exf6 Qxf6 13. e4 Qxc3 14. bxc3 1-0

[Event "Tournoi Skype 031B"]
[Site "Skype"]
[Date "????.??.??"]
[Round "3.41"]
[White "Gomez Zuluaga, Jorge Adiel"]
[Black "Alverson, Ginny"]
[Result "1-0"]
[WhiteElo "1161"]
[BlackElo "1000"]
[PlyCount "71"]

1. e4 c5 2. Nf3 d6 3. Bc4 e6 4. Nc3 Nc6 5. d4 cxd4 6. Nxd4 Nxd4 7. Qxd4 Nf6 8.
Qd3 Be7 9. Be3 O-O 10. O-O Bd7 11. Rfb1 Rc8 12. Bxa7 Bc6 13. Be3 e5 14. Nd5
Bxd5 15. exd5 Ng4 16. Bd2 Bh4 17. g3 Be7 18. a4 f5 19. a5 e4 20. Qb3 Rb8 21.
Qb6 Qxb6 22. axb6 Rbc8 23. Bb3 Bd8 24. Ba5 Rc5 25. Ra4 Bg5 26. Bb4 Rcc8 27.
Bxd6 Rfd8 28. Ra7 Rxd6 29. Rxb7 Rh6 30. h4 Bxh4 31. gxh4 Rxh4 32. Rf1 Rh2 33.
Rc7 Rb8 34. b7 f4 35. Rc8+ Rxc8 36. bxc8=Q+ 1-0

[Event "Tournoi Skype 031B"]
[Site "Skype"]
[Date "????.??.??"]
[Round "3.42"]
[White "Mira Poveda, Jose Antonio"]
[Black "Bolanos Ocampo, Sandra"]
[Result "1-0"]
[WhiteElo "1154"]
[BlackElo "1000"]
[PlyCount "61"]

1. e4 d5 2. exd5 Qxd5 3. Nc3 Qd6 4. Bc4 Qe5+ 5. Nge2 Bg4 6. d4 Qf6 7. O-O e6 8.
Re1 Bd6 9. d5 e5 10. Ne4 Qg6 11. N4g3 Nf6 12. Bd3 e4 13. Bb5+ Nbd7 14. h3 Bf5
15. Nxf5 Qxf5 16. Ng3 Qg6 17. Bd3 O-O 18. Nxe4 Rad8 19. Bg5 Be7 20. Nxf6+ Bxf6
21. Bxg6 Bxg5 22. Bd3 Nf6 23. c4 c5 24. Re5 h6 25. Qa4 a6 26. Rae1 b5 27. Qxa6
Ra8 28. Qxb5 Rxa2 29. Re8 Nxe8 30. Rxe8 Rxe8 31. Qxe8# 1-0

[Event "Tournoi Skype 031B"]
[Site "Skype"]
[Date "????.??.??"]
[Round "3.43"]
[White "Bosetti, Giancarlo"]
[Black "Crocioni, Luca"]
[Result "0-1"]
[WhiteElo "1000"]
[BlackElo "1148"]
[PlyCount "64"]

1. e4 e5 2. d4 exd4 3. Qxd4 Nc6 4. Qe3 Bb4+ 5. Nc3 Nf6 6. Bd2 d6 7. Nd5 Bxd2+
8. Qxd2 O-O 9. O-O-O Be6 10. Bc4 Nxe4 11. Qe3 Bf5 12. f3 Nc5 13. g4 Bg6 14. f4
Be4 15. Nf3 Ne5 16. fxe5 Re8 17. Rhf1 Bg6 18. Qd3 Bxd3 19. cxd3 c6 20. Nc3 dxe5
21. Rfe1 a5 22. d4 exd4 23. Rxe8+ Qxe8 24. Rxd4 Qe3+ 25. Rd2 Qxf3 26. Be2 Qh1+
27. Bd1 b5 28. a3 b4 29. Na2 Nb3+ 30. Kc2 Nxd2 31. Kxd2 Rd8+ 32. Kc2 Qxd1# 0-1

[Event "Tournoi Skype 031B"]
[Site "Skype"]
[Date "????.??.??"]
[Round "3.44"]
[White "Dhobe, Geetanjali"]
[Black "Ortis, Yves"]
[Result "1-0"]
[WhiteElo "1000"]
[BlackElo "1147"]
[PlyCount "37"]

1. e4 c5 2. Nf3 f6 3. d4 e6 4. d5 exd5 5. Qxd5 Qb6 6. Bc4 Ne7 7. Qf7+ Kd8 8.
Nc3 a6 9. e5 Nbc6 10. exf6 gxf6 11. Qxf6 Rg8 12. Bxg8 Kc7 13. Bf4+ Ne5 14. Qxf8
N7g6 15. Bxe5+ Nxe5 16. Nd5+ Kc6 17. Nxe5+ Kb5 18. a4+ Ka5 19. Nc4# 1-0

[Event "Tournoi Skype 031B"]
[Site "Skype"]
[Date "????.??.??"]
[Round "3.45"]
[White "Linares Vernet, Ana"]
[Black "Fabre, Gregory"]
[Result "1-0"]
[WhiteElo "1142"]
[BlackElo "1000"]
[PlyCount "87"]

1. e4 e5 2. Nf3 Nc6 3. d4 f6 4. d5 Nd4 5. Nxd4 exd4 6. Qxd4 a5 7. b3 Qe7 8. Bc4
Qd6 9. O-O Nh6 10. Bxh6 gxh6 11. Be2 c5 12. Qd1 Rg8 13. Bh5+ Kd8 14. Bf3 b6 15.
Qd2 Qe5 16. Qc3 Bd6 17. Qxe5 Bxe5 18. c3 d6 19. a3 a4 20. bxa4 Rxa4 21. Ra2 Ba6
22. Rc1 Rg5 23. g3 h5 24. Bg2 h4 25. Nd2 f5 26. Nf3 Rh5 27. Nxh4 fxe4 28. Bf1
Bc4 29. Bxc4 Rxc4 30. Ng2 Rf5 31. Ne3 Rf3 32. Nxc4 e3 33. Nxe5 Rxf2 34. Rxf2
exf2+ 35. Kxf2 dxe5 36. Ke3 Kd7 37. Ke4 Kd6 38. Rb1 c4 39. Rxb6+ Kc5 40. Rc6+
Kb5 41. Kxe5 Ka4 42. Rxc4+ Kxa3 43. d6 Kb3 44. Kd4 1-0

[Event "Tournoi Skype 031B"]
[Site "Skype"]
[Date "????.??.??"]
[Round "3.47"]
[White "Bellati, Fabio"]
[Black "Vargas, Elvin"]
[Result "1/2-1/2"]
[WhiteElo "1129"]
[BlackElo "1000"]
[PlyCount "73"]

1. e4 e5 2. Nf3 Nf6 3. Nxe5 d6 4. Nf3 Nxe4 5. d3 Nf6 6. Be2 c5 7. d4 d5 8. c3
c4 9. O-O Bd6 10. h3 O-O 11. b3 Nc6 12. Ba3 b5 13. Bxd6 Qxd6 14. Qc2 Ne4 15.
Nbd2 Bf5 16. Nh4 Nxd2 17. Nxf5 Qf4 18. Rfd1 Ne4 19. f3 Qxf5 20. fxe4 dxe4 21.
Rf1 Qe6 22. Rad1 e3 23. d5 Qd6 24. dxc6 Qxc6 25. Bf3 Qc5 26. Qe2 Rae8 27. Rd5
Qb6 28. Kh1 Re6 29. Rfd1 a5 30. bxc4 b4 31. c5 Qc7 32. cxb4 axb4 33. Rd7 Qc8
34. c6 g6 35. c7 Ree8 36. Qd3 Kg7 37. Qb5 1/2-1/2

[Event "Tournoi Skype 031B"]
[Site "Skype"]
[Date "????.??.??"]
[Round "3.49"]
[White "Hernandez, Ivan"]
[Black "Perez Fermin, Jose"]
[Result "1-0"]
[WhiteElo "1016"]
[BlackElo "1417"]
[PlyCount "47"]

1. e4 c5 2. Nf3 Nc6 3. d4 cxd4 4. Nxd4 Nf6 5. Nxc6 bxc6 6. Nc3 d6 7. e5 Nd7 8.
e6 fxe6 9. Be3 Nf6 10. Be2 g6 11. Qd2 Bg7 12. O-O-O a5 13. h4 h6 14. h5 g5 15.
g4 e5 16. Bd3 Be6 17. Bg6+ Kd7 18. Bf5 Qg8 19. Bxe6+ Qxe6 20. f3 Rhb8 21. b3
Rb7 22. Ne4 Nd5 23. a3 Nxe3 24. Nc5+ 1-0

[Event "Tournoi Skype 031B"]
[Site "Skype"]
[Date "????.??.??"]
[Round "3.50"]
[White "Busto, Ricardo"]
[Black "Marroquin Mayhua, Silvia"]
[Result "1-0"]
[WhiteElo "1194"]
[BlackElo "1000"]
[PlyCount "109"]

1. d4 d5 2. Bf4 Bf5 3. Nf3 f6 4. Bd2 Nc6 5. c4 e6 6. e3 Nge7 7. cxd5 exd5 8. a3
g5 9. h3 h6 10. Nc3 Bg7 11. b4 O-O 12. Bc1 Qd6 13. Bd3 Bxd3 14. Qxd3 f5 15. Nb5
Qd8 16. O-O Qe8 17. Nxc7 Qg6 18. Nxa8 Rxa8 19. Qc2 f4 20. Qxg6 Nxg6 21. Rb1
Nce7 22. Bd2 Nf5 23. exf4 gxf4 24. Ne5 Nxe5 25. dxe5 Bxe5 26. Rfe1 Bd6 27. a4
Nd4 28. Kh1 Kg7 29. Bc3 Bf8 30. Bxd4+ Kg6 31. b5 b6 32. Re6+ Kh5 33. Re5+ Kg6
34. Rxd5 f3 35. g3 Re8 36. Rd7 Re4 37. Be3 Rxa4 38. Rd8 Bg7 39. Rg8 Kf7 40. Rc8
h5 41. Rc6 Bf8 42. Rc3 Bc5 43. Bxc5 bxc5 44. Rxc5 Kg6 45. Rc6+ Kf5 46. Rc7 Ra2
47. Kg1 Ke4 48. Re1+ Kd4 49. Rf7 Kd5 50. Rxf3 Kc5 51. Rf5+ Kb4 52. Rxh5 Ra5 53.
Rb1+ Kc3 54. g4 Kd4 55. b6 1-0

[Event "Tournoi Skype 031B"]
[Site "Skype"]
[Date "????.??.??"]
[Round "3.51"]
[White "Santa Cruz, Oscar Ruben"]
[Black "Balci Gungor, Ayca"]
[Result "0-1"]
[WhiteElo "1000"]
[BlackElo "1145"]
[PlyCount "42"]

1. e4 e6 2. d4 d5 3. Nd2 Nc6 4. Ngf3 Nf6 5. e5 Nd7 6. Bd3 Be7 7. O-O O-O 8. c3
f6 9. Re1 fxe5 10. dxe5 Nc5 11. Bb1 b6 12. Nf1 Ba6 13. Ng3 Qe8 14. Be3 Rd8 15.
Bxh7+ Kxh7 16. Ng5+ Bxg5 17. Bxg5 Rd7 18. Qg4 Rdf7 19. Qh5+ Kg8 20. b4 Nd3 21.
Re4 dxe4 0-1

[Event "Tournoi Skype 031B"]
[Site "Skype"]
[Date "????.??.??"]
[Round "3.52"]
[White "Montilla Bejarano, Mey"]
[Black "Mgwevela, Luzuko"]
[Result "1-0"]
[WhiteElo "1088"]
[BlackElo "1000"]
[PlyCount "57"]

1. d4 d5 2. Nf3 Nc6 3. Bf4 Nf6 4. h3 e6 5. e3 Bb4+ 6. Nbd2 O-O 7. Bd3 Nh5 8.
Bh2 Re8 9. c3 Bd6 10. Ne5 Nxe5 11. dxe5 c6 12. exd6 e5 13. Qxh5 e4 14. Bc2 Bd7
15. f3 Qb6 16. Bf4 Qxb2 17. O-O Qxc2 18. Rf2 Qxc3 19. Nb3 Rac8 20. Rc1 Qb4 21.
Be5 c5 22. Qg5 Rxe5 23. Qxe5 c4 24. Qe7 c3 25. Qxd7 Qc4 26. Qe7 Qd3 27. d7 g6
28. dxc8=Q+ Kg7 29. Qcf8# 1-0

[Event "Tournoi Skype 031B"]
[Site "Skype"]
[Date "????.??.??"]
[Round "3.55"]
[White "Flores, Carlos"]
[Black "Hoyos Lozano, Denis"]
[Result "0-1"]
[WhiteElo "1000"]
[BlackElo "1311"]
[PlyCount "56"]

1. e4 c6 2. c3 d5 3. d3 dxe4 4. dxe4 Qxd1+ 5. Kxd1 e5 6. Be3 Bd6 7. Nd2 Nf6 8.
Kc2 O-O 9. Rd1 Be6 10. Ndf3 Bc7 11. Bg5 Nxe4 12. Be3 Nd7 13. Bd3 Nef6 14. Ng5
h6 15. Nxe6 fxe6 16. Bc4 Rfe8 17. Nf3 Nb6 18. Bb3 Nbd5 19. Bd2 Rad8 20. c4 Nf4
21. Bxf4 exf4 22. Rde1 Kf7 23. g3 Ng4 24. Re2 e5 25. gxf4 exf4 26. Rf1 Rxe2+
27. Kb1 Kf6 28. h3 Nxf2 0-1

[Event "Tournoi Skype 031B"]
[Site "Skype"]
[Date "????.??.??"]
[Round "3.57"]
[White "Yepez, German"]
[Black "Fuentes, Francisco"]
[Result "1-0"]
[WhiteElo "1171"]
[BlackElo "1000"]
[PlyCount "79"]

1. e4 e6 2. d4 d5 3. exd5 Bd6 4. dxe6 Bxe6 5. Nf3 h6 6. c3 c6 7. Bd3 Nf6 8. O-O
O-O 9. h3 Nh5 10. Ne5 Bc7 11. Qxh5 Qf6 12. Qe2 Nd7 13. Qe4 g6 14. Bxh6 Rfe8 15.
f4 Nf8 16. g4 Bd7 17. Bg5 Qe6 18. Bc4 Qd6 19. Bxf7+ Kh8 20. Bxe8 Bxe8 21. f5
Bf7 22. Nxf7+ Kg7 23. Nxd6 Bxd6 24. f6+ Kf7 25. Bh6 Nd7 26. Nd2 b5 27. c4 c5
28. d5 Re8 29. Qc2 Nb6 30. cxb5 Nxd5 31. Ne4 Bc7 32. g5 Bb6 33. Kh2 Re6 34. a4
Bc7+ 35. Kh1 Nf4 36. a5 Nxh3 37. Qxc5 Bd6 38. Qxa7+ Ke8 39. Nxd6+ Rxd6 40. Qe7#
1-0

[Event "Tournoi Skype 031B"]
[Site "Skype"]
[Date "????.??.??"]
[Round "3.58"]
[White "Lai, Mattia"]
[Black "Schuh, David"]
[Result "1-0"]
[WhiteElo "1000"]
[BlackElo "1052"]
[PlyCount "31"]

1. e4 e6 2. d3 d5 3. f3 c5 4. Ne2 Nc6 5. Be3 Bd6 6. f4 Nf6 7. Ng3 O-O 8. Be2 g6
9. O-O b6 10. e5 Bxe5 11. fxe5 Nh5 12. Bxh5 gxh5 13. Nxh5 Nxe5 14. Nf6+ Kh8 15.
Qh5 Kg7 16. Qxh7# 1-0

[Event "Tournoi Skype 031B"]
[Site "Skype"]
[Date "????.??.??"]
[Round "3.59"]
[White "Marin Gomez, Ian Javier"]
[Black "De Souza, Edinei"]
[Result "1-0"]
[WhiteElo "1000"]
[BlackElo "1036"]
[PlyCount "39"]

1. e4 c6 2. d4 h6 3. Nf3 d6 4. Bc4 Bg4 5. Nc3 Bxf3 6. Qxf3 Nf6 7. O-O Nbd7 8.
Bf4 e5 9. dxe5 dxe5 10. Bg3 Qc7 11. Rfe1 Bb4 12. a3 Bxc3 13. Qxc3 O-O 14. Rad1
Ng4 15. h3 Ngf6 16. Bd5 c5 17. b4 Rad8 18. bxc5 Qxc5 19. Bc4 Qc7 20. Bxf7+ 1-0

[Event "Tournoi Skype 031B"]
[Site "Skype"]
[Date "????.??.??"]
[Round "3.60"]
[White "Martinez, Orlando"]
[Black "Grib, Jessica"]
[Result "1/2-1/2"]
[WhiteElo "1000"]
[BlackElo "1012"]
[PlyCount "45"]

1. Nf3 d6 2. e4 e5 3. Bc4 Nc6 4. d3 Nf6 5. Ng5 d5 6. Bxd5 Nxd5 7. exd5 Qxd5 8.
c4 Qa5+ 9. Bd2 Qb6 10. O-O f6 11. Ne6 Bxe6 12. Nc3 a6 13. Ne4 Be7 14. Qe1 O-O
15. Rb1 f5 16. Be3 Nd4 17. f3 f4 18. Bf2 g5 19. h4 h6 20. hxg5 hxg5 21. Nxg5
Bxg5 22. Bh4 Bxh4 23. Qxh4 1/2-1/2

[Event "Tournoi Skype 031B"]
[Site "Skype"]
[Date "????.??.??"]
[Round "3.61"]
[White "Micocci, Lucia"]
[Black "Jacinto Sebastian, Carlos Ivan"]
[Result "0-1"]
[WhiteElo "1000"]
[BlackElo "1003"]
[PlyCount "94"]

1. e4 c5 2. Bc4 Nc6 3. Nf3 d6 4. d3 e5 5. Be3 Nf6 6. Nc3 Be6 7. Bxe6 fxe6 8.
Bg5 Be7 9. O-O O-O 10. h3 d5 11. exd5 exd5 12. Re1 h6 13. Be3 d4 14. Bd2 Qc7
15. Nb5 Qb6 16. c4 a6 17. Nbxd4 Qxb2 18. Ne6 g5 19. Nxf8 Bxf8 20. Qc1 Qd4 21.
Nxd4 exd4 22. Bxg5 hxg5 23. Qxg5+ Bg7 24. Rab1 b5 25. Re6 Nh7 26. Qg4 Nd8 27.
Re8+ Kf7 28. Rbe1 Nf6 29. Qe6+ Nxe6 30. R1xe6 Rxe8 31. Rxe8 Kxe8 32. a3 b4 33.
axb4 cxb4 34. c5 Kd8 35. Kf1 b3 36. Ke1 b2 37. Kd1 Bh6 38. Kc2 Bc1 39. Kb1 Nd5
40. Kc2 Nb4+ 41. Kb3 Nxd3 42. f3 b1=Q+ 43. Kc4 Qb4+ 44. Kxd3 Bb2 45. Kc2 Qc3+
46. Kb1 d3 47. Ka2 d2 0-1

[Event "Tournoi Skype 031B"]
[Site "Skype"]
[Date "????.??.??"]
[Round "3.62"]
[White "Alcaraz Acosta, Luisa Montserrat"]
[Black "Molina, Maria Lucia"]
[Result "1-0"]
[WhiteElo "1000"]
[BlackElo "1000"]
[PlyCount "75"]

1. e4 e5 2. Nf3 Nc6 3. Bb5 a6 4. Ba4 Nf6 5. d3 Be7 6. c3 d6 7. O-O O-O 8. Bc2
Bg4 9. Nbd2 d5 10. exd5 Qxd5 11. Re1 Rfe8 12. Nf1 Bc5 13. Qe2 h6 14. Bb3 Qd6
15. Ng3 Na5 16. Bc2 Qb6 17. d4 exd4 18. Ne4 Nxe4 19. Bxe4 d3 20. Qd2 Bxf2+ 21.
Kf1 Rad8 22. Qf4 Bg1 23. Nxg1 h5 24. Qg5 f6 25. Qg6 Kf8 26. Bh6 Ke7 27. Bxg7 d2
28. Bc2+ Kd7 29. Red1 Bxd1 30. Rxd1 Qb5+ 31. Kf2 Qxb2 32. Rxd2+ Kc8 33. Rxd8+
Rxd8 34. Qf5+ Rd7 35. Bxf6 Qb6+ 36. Kf1 Qe6 37. Qxe6 b6 38. Qe8+ 1-0

[Event "Tournoi Skype 031B"]
[Site "Skype"]
[Date "????.??.??"]
[Round "3.63"]
[White "Baratta, Giuseppe"]
[Black "Rodgerson, Michael"]
[Result "1-0"]
[WhiteElo "1000"]
[BlackElo "1000"]
[PlyCount "69"]

1. d4 e5 2. dxe5 Bb4+ 3. Bd2 Qe7 4. Nf3 d5 5. a3 Bd7 6. axb4 Nc6 7. Nc3 O-O-O
8. Nxd5 Qe6 9. c4 Re8 10. e4 Nge7 11. Bd3 Rhg8 12. O-O g5 13. Re1 g4 14. Ng5
Qg6 15. Nf6 Rg7 16. Nxe8 Bxe8 17. Be2 f6 18. Bxg4+ Kd8 19. Ne6+ Kd7 20. Nxg7+
Kd8 21. Bh6+ Bd7 22. Ne6+ Ke8 23. Nxc7+ Kf7 24. e6+ Kg8 25. exd7 f5 26. exf5
Qxh6 27. Qd5+ Nxd5 28. Nxd5 Qh4 29. Re8+ Kf7 30. h3 h5 31. Bf3 Qd4 32. Rae1 Qd2
33. b5 Nd4 34. R8e7+ Kf8 35. d8=Q# 1-0

[Event "Tournoi Skype 031B"]
[Site "Skype"]
[Date "????.??.??"]
[Round "3.64"]
[White "Bondone, Silvestre"]
[Black "Samudio Villarreal, Eduardo"]
[Result "0-1"]
[WhiteElo "1000"]
[BlackElo "1000"]
[PlyCount "48"]

1. d4 d5 2. c3 e6 3. e3 Bd6 4. Bd3 Nf6 5. Ne2 Nbd7 6. Nd2 b5 7. Bxb5 O-O 8. Bd3
c6 9. Nb3 e5 10. dxe5 Bxe5 11. c4 Ba6 12. Qd2 g6 13. Na5 Ng4 14. Nxc6 Qf6 15.
Qb4 Nxf2 16. Rf1 Nxd3+ 17. Kd1 Qxf1+ 18. Qe1 Nxe1 19. Bd2 Nd3+ 20. Kc2 Qxa1 21.
Kxd3 Bxc4+ 22. Kc2 Bxe2 23. Ne7+ Kg7 24. Nxd5 Qxb2# 0-1

[Event "Tournoi Skype 031B"]
[Site "Skype"]
[Date "????.??.??"]
[Round "3.65"]
[White "Ricord, Gerardo"]
[Black "Carias, Nancy"]
[Result "1-0"]
[WhiteElo "1000"]
[BlackElo "1000"]
[PlyCount "45"]

1. e4 e5 2. Nf3 Nc6 3. Bb5 h6 4. Nc3 Nf6 5. O-O Bd6 6. d3 O-O 7. Bc4 Qe8 8. Nb5
Rb8 9. Nxa7 Nxa7 10. d4 b5 11. Bd3 Bb7 12. a4 g5 13. axb5 Nxb5 14. Bxb5 Rd8 15.
dxe5 Ng4 16. exd6 cxd6 17. Qxd6 Bxe4 18. h3 Nxf2 19. Rxf2 f5 20. Qxh6 Kf7 21.
Bc4+ Ke7 22. Bxg5+ Rf6 23. Qxf6# 1-0

[Event "Tournoi Skype 031B"]
[Site "Skype"]
[Date "????.??.??"]
[Round "4.1"]
[White "Llabres, Sergio"]
[Black "Roy, Shambhu Kumar"]
[Result "0-1"]
[WhiteElo "1181"]
[BlackElo "1341"]
[PlyCount "86"]

1. d4 Nf6 2. c4 e6 3. a3 d5 4. e3 Be7 5. Nf3 c5 6. b3 Nc6 7. cxd5 exd5 8. Bb2
Bf5 9. Bd3 Ne4 10. O-O O-O 11. Nbd2 Bf6 12. Ne5 cxd4 13. Nxc6 bxc6 14. exd4 c5
15. Nf3 cxd4 16. Bxd4 Bxd4 17. Nxd4 Bg6 18. Nf3 Rc8 19. Rc1 Qa5 20. a4 Qb6 21.
Bb1 Rxc1 22. Qxc1 Qxb3 23. Qc5 Rb8 24. Bc2 Qc3 25. Qxc3 Nxc3 26. Bxg6 hxg6 27.
Ra1 a5 28. Nd4 Rb4 29. Nc6 Rc4 30. Nxa5 Rxa4 31. Rxa4 Nxa4 32. Nb3 Kf8 33. Kf1
Ke7 34. Ke2 Kd6 35. Kd3 Nc5+ 36. Nxc5 Kxc5 37. f3 f5 38. g3 g5 39. h3 d4 40. f4
gxf4 41. gxf4 Kd5 42. h4 g6 43. Kd2 Ke4 0-1

[Event "Tournoi Skype 031B"]
[Site "Skype"]
[Date "????.??.??"]
[Round "4.2"]
[White "De Coninck, Philippe"]
[Black "Roberts, Mario"]
[Result "1-0"]
[WhiteElo "1290"]
[BlackElo "1195"]
[PlyCount "101"]

1. e4 c5 2. Nf3 d6 3. d4 cxd4 4. Nxd4 e5 5. Nb3 a6 6. Nc3 h6 7. Be2 Nf6 8. Be3
Be7 9. Qd2 Be6 10. Nc1 Nbd7 11. Nd3 d5 12. exd5 Bxd5 13. Nxd5 Nxd5 14. O-O-O
Nxe3 15. Qxe3 Bg5 16. f4 O-O 17. fxg5 Qxg5 18. Qxg5 hxg5 19. Bf3 Rab8 20. Rhe1
f6 21. Nb4 Nc5 22. Rd5 Rfc8 23. Red1 e4 24. Bg4 Rc7 25. Rd8+ Rxd8 26. Rxd8+ Kf7
27. Nd5 Rc6 28. Rc8 Nd3+ 29. Kb1 Rd6 30. Rc7+ Ke8 31. cxd3 Rxd5 32. dxe4 Re5
33. Bf5 Re7 34. Rxe7+ Kxe7 35. Bc8 Kd6 36. Bxb7 a5 37. Kc2 Ke5 38. Kd3 g6 39.
g4 Kf4 40. Bc8 Ke5 41. a3 Kd6 42. b4 Kc7 43. Be6 Kb6 44. Kc4 axb4 45. axb4 Kc6
46. Bd5+ Kd6 47. b5 Kc7 48. Kc5 f5 49. b6+ Kb8 50. gxf5 gxf5 51. exf5 1-0

[Event "Tournoi Skype 031B"]
[Site "Skype"]
[Date "????.??.??"]
[Round "4.3"]
[White "Raut, Suryakant"]
[Black "Rosenkoetter, David"]
[Result "1-0"]
[WhiteElo "1249"]
[BlackElo "1169"]
[PlyCount "105"]

1. e4 c5 2. Nf3 d6 3. c3 a6 4. Be2 Nc6 5. d4 cxd4 6. cxd4 e6 7. O-O Be7 8. h3
Nf6 9. Nc3 Bd7 10. Be3 O-O 11. Rc1 Rc8 12. Qd2 Re8 13. Rfd1 Bf8 14. e5 dxe5 15.
dxe5 Nd5 16. Nxd5 exd5 17. Qxd5 Be6 18. Qxd8 Rexd8 19. a3 g6 20. Bg5 Be7 21.
Bxe7 Nxe7 22. Rxd8+ Rxd8 23. Rc7 Rd7 24. Rxd7 Bxd7 25. Nd4 Nc6 26. Nxc6 Bxc6
27. f4 Kf8 28. g3 Ke7 29. Kf2 h5 30. h4 Bd5 31. Bd3 Kd7 32. Ke3 Kc6 33. Kd4 Be6
34. Be4+ Kb6 35. Bd5 Bxd5 36. Kxd5 Kc7 37. b4 Kd7 38. a4 Kc7 39. e6 f6 40. Kc5
b6+ 41. Kd5 b5 42. axb5 axb5 43. Kc5 f5 44. Kxb5 Kd6 45. e7 Kxe7 46. Kc6 Kd8
47. b5 Kc8 48. b6 Kb8 49. b7 Ka7 50. Kc7 Ka6 51. b8=Q Ka5 52. Qb3 Ka6 53. Qa4#
1-0